01555agaaa2200301 45000010005000000030009000050050017000140070009000310080040000400400023000800410013001031000051001161300019001672450186001862500022003722600098003943000033004925080180005255110088007055200129007935380016009225460013009386500056009517000063010077000063010707000059011337000061011927867IT-RoPAU20220918181241.0d cvaizq50131s9999||||xx ||| | || ||und|| aIT-RoPAUcIT-RoPAU aITALIANO aDe Santis GiuseppegCodice regista SPICS: 7279 aGIORNI D'AMORE aGIORNI D'AMOREcSceneggiatura: De Santis Giuseppe De Libero Libero Puccini Gianni Petri Elio -- Diretto da: De Santis GiuseppepGIORNI D'AMORE (Rif. Codice opera principale : A7867) aEdizione Standard a(ITALIA)bEXCELSA / Distribuzione: VIDEOGRAMg"1954 (1° ed.: 1992 ; Ed. Lingua Orig.: 1954)" aVHSbsonoro, col.c90 minuti a"Fotografia: Martelli Otello; Musica: Nascimbene Mario; Sceneggiatura: De Santis Giuseppe De Libero Libero Puccini Gianni Petri Elio; Soggetto: De Libero Libero -- Petri Elio" a"Mastroianni Marcello; Vlady Marina; Gallas Lucien; Cali' Giulio; Chiantoni Renato" aDUE GIOVANI DI RITORNO IN PAESE FINGONO DI ESSERE UNA COPPIA DI PROSSIMI SPOSI PER TRANQUILLIZZARE I PARENTI. FILM A COLORI. aPAL, STEREO aITALIANO aDRAMMATICOeFILMS [VHS]xCodice MATERIA SPICS: 9960 aDe Libero Libero e(soggetto)gCodice Soggetto SPICS: 9157 aDe Santis Giuseppe e(regista)gCodice regista SPICS: 7279 aNascimbene Marioe(musica)gCodice Musica SPICS: 11469 aPetri Elio e(soggetto)gCodice Soggetto 2° SPICS: 2654